| 000 | 00399nam a2200169 a 4500 | ||
|---|---|---|---|
| 001 | 2572 | ||
| 005 | 20140414132017.0 | ||
| 008 | 040201s19uu xx 00 eng d | ||
| 020 | _a0-670-24133-4 | ||
| 050 |
_aTR _bC81 1968 |
||
| 100 | _aFreeman, Don | ||
| 245 |
_aCorduroy / _cDon Freeman. |
||
| 260 |
_aCanada : _bPenguin, _c1968. |
||
| 300 | _a26 p. ; cm. | ||
| 999 |
_c113393 _d113393 |
||